Normal view MARC view

Entry Personal Name

Number of records used in: 1

001 - CONTROL NUMBER

  • control field: 1238069

003 - CONTROL NUMBER IDENTIFIER

  • control field: OSt

005 - DATE AND TIME OF LATEST TRANSACTION

  • control field: 20260430150633.0

008 - FIXED-LENGTH DATA ELEMENTS

  • fixed length control field: 260430|| aca||aabn | a|a d

040 ## - CATALOGING SOURCE

  • Original cataloging agency: OSt
  • Transcribing agency: OSt

100 ## - HEADING--PERSONAL NAME

  • Personal name: Aggarwal Nikita Au.; Bharti Alok Chandra Gu

670 ## - SOURCE DATA FOUND

  • Source citation: Work cat.: (OSt)1850271: Aggarwal Nikita Au.; Bharti Alok Chandra Gu., Human Papillomavirus Associated Transcriptional Regulation in Head and Neck Squamous Cell Carcinoma, 2024
Copyright @ Delhi University Library System